| 000 | 00464nam a2200205Ia 4500 | ||
|---|---|---|---|
| 008 | 170918s9999 xx 000 0 und d | ||
| 020 | _a9780545391085 | ||
| 050 | _bB889 2012 | ||
| 100 | _aBruel, Nick | ||
| 245 | _aBad kitty : | ||
| 245 | _bmeets the baby / | ||
| 245 | _cby Nick Bruel. | ||
| 260 | _aNew York : | ||
| 260 | _bScholastic, | ||
| 260 | _c2011 | ||
| 300 | _a143 pages : | ||
| 300 | _billustrations ; | ||
| 300 | _c19cm. | ||
| 500 | _a720 | ||
| 999 |
_c344212 _d344212 |
||